000 00467cam a2200181ua 4500
020 _c8.00
041 _ahin
_h
082 _a891.54
_bVIS/KA
100 _aViswanathlal, Shaida .
245 _aKamayani ki vyakhyatmak alochana /
_cViswanathlal shaida.
_hTextual Documents
250 _a2 /
_b.
260 _aVaranasi :
_bHindi Pracharak Pusthakalayam ,
_c1963.
300 _a408 ; .
365 _a8.00
504 _a
942 _cBK
999 _c8402
_d8402